000 01078nam0a22002891 4500
001 rc\4552743
005 20130416184029.2
021 _aRU
_b[63-95175]
035 _a(NLR Aleph) 008642452
090 _a8950829
_c8950829
100 _a20130416d1963 |||y0rusy50 ca
101 0 _arus
102 _aRU
105 _aa z |||||
200 1 _aНесерийное оборудование молочной промышленности
_fЦентр. ин-т науч.-техн. информации пищевой пром-сти Гос. ком. по пищевой пром-сти при Госплане СССР
210 _aМосква
_cБ. и.
_d1963
215 _a44 с.
_cил.
_d21
225 1 _a[Техническая информация]
300 _aНа обл. авт. не указаны
606 _aМолочные заводы
_xОборудование
_2psbo
700 1 _aЛейбман
_bА. Г.
701 1 _aХараш
_bВ. М.
801 0 _aRU
_bNLR
_gpsbo
801 1 _aRU
_bELAR
_2rusmarc
852 _aNLR
_j63-6/13948
942 _cBOOK
980 _aNB